Biblioteka Instytutu Północnego w Olsztynie

Widok standardowy Widok MARC

Pozycja Personal Name

Liczba rekordów, w których użyto hasła: 1

001 - Numer kontrolny

  • control field: 40454

003 - Identyfikator numeru kontrolnego

  • control field: NUKAT

005 - Data i czas ostatniej modyfikacji

  • control field: 20260424120044.0

008 - Dane kontrolne kodowane (40 znaków)

  • fixed length control field: 091123n||azznnbabn |a aaa |

010 ## - Numer kontrolny Biblioteki Kongresu

  • numer kontrolny LC: p 2009057473

024 7# - OTHER STANDARD IDENTIFIER

  • Standard number or code: 56678084
  • Source of number or code: viaf

035 ## - Numer systemowy

  • numer systemowy: a23594998

035 ## - Numer systemowy

  • numer systemowy: (PL)a0000002359499

040 ## - Instytucja sporządzająca rekord

  • inst. przygot. dane do rek. khw: WA N
  • język haseł przedmiotowych/tezaurus: DBN
  • inst. wprow. rek. khw: WA N

043 ## - Kod obszaru geograficznego

  • ISO code: HU

046 ## - Special dates

  • Birth date: 18791101
  • Death date: 19410403

100 1# - Hasło - nazwa osobowa

  • nazwa osobowa w formie ujednoliconej: Teleki, Pál
  • daty biograficzne: (1879-1941)

370 ## - Associated place

  • Country: Węgry

370 ## - Associated place

  • Place of birth: Budapeszt (Węgry)

370 ## - Associated place

  • Place of death: Budapeszt (Węgry)

372 ## - Field of activity

  • Field: Geografia

372 ## - Field of activity

  • Field: Polityka

374 ## - Occupation

  • Occupation: Geografowie

374 ## - Occupation

  • Occupation: Politycy

375 ## - Gender

  • Gender: 1
  • Source of term: iso5218

377 ## - Assoc lang

  • Lang code: hun

400 1# - Trop zob. - nazwa osobowa

  • nazwa osobowa (nazwisko, imiona): Teleki, Pál János Ede

400 0# - Trop zob. - nazwa osobowa

  • nazwa osobowa (nazwisko, imiona): Pál János Ede Teleki de Szék

400 1# - Trop zob. - nazwa osobowa

  • nazwa osobowa (nazwisko, imiona): Teleki, Paul

670 ## - Źródło informacji

  • źródło informacji: Przyjaciel Polaków - Pál Teleki (1879-1941) / Rafał Kazimierz Nowak. - Jastrzębie Zdrój, 2009.

670 ## - Źródło informacji

  • źródło informacji: WEP

670 ## - Źródło informacji

  • źródło informacji: Wikipedia
Biblioteka Instytutu Północnego, ul. Partyzantów 87, 10-402 Olsztyn, email: biblioteka(at)ip.olsztyn.pl